Las fuerzas políticas frente a la democracia paritaria
Gardado en:
| Formato: | Texto |
|---|---|
| Etiquetas: |
Engadir etiqueta
Sen Etiquetas, Sexa o primeiro en etiquetar este rexistro!
|
MARC
| LEADER | 00000 a a2200000 04500 | ||
|---|---|---|---|
| 001 | 46615 | ||
| 003 | |||
| 040 | |||
| 245 | |a Las fuerzas políticas frente a la democracia paritaria | ||
| 773 | |g páginas 129-157 | ||
| 999 | |c 36171 |d 36171 | ||
